000 00367nam a22001457a 4500
020 _a8178081741
040 _cNUST
082 _a620.103
_bHIB
100 _aHIBBELER, R.C.
245 _aENGINEERING MECHANICS STATICS
250 _aSI EDITION
260 _aINDIA:
_bPEARSON EDUCATION,
_c1997.
650 _aENGINEERING MECHANICS STATICS
_962801
942 _2ddc
_cBK
999 _c615767
_d615767